| 000 | 00926cab a2200253 4500 | ||
|---|---|---|---|
| 001 | ABS53571 | ||
| 008 | 090401t1995 xxu||||| |||| 00| 0 eng d | ||
| 035 | _a(Sirsi) u5140 | ||
| 041 | _aeng | ||
| 100 | _aHenneberry, John M. | ||
| 245 | _aDevelopers, property cycles and local economic development: the case of Sheffield | ||
| 260 | _c1995 | ||
| 350 | _a0 | ||
| 490 |
_aLocal Economy _v10(2) August 1995, 163-185(12) |
||
| 520 | _aExamines the interaction between the property market cycle and the development industry at local level, using the Sheffield office market as an example. Includes statistics and graphs. | ||
| 650 | _aLOCAL ECONOMIC DEVELOPMENT | ||
| 650 | _aPROPERTY-COMMERCIAL PROPERTY-OFFICE PROPERTY-OFFICE PROPERTY MARKET | ||
| 650 | _aPROPERTY CYCLES | ||
| 650 | _aPROPERTY DEVELOPMENT | ||
| 650 | _aSHEFFIELD | ||
| 690 | _aPROPERTY-PROPERTY DEVELOPMENT | ||
| 942 | _n0 | ||
| 948 | _c04/03/1997 | ||
| 999 |
_c3079 _d3079 |
||